000 00532nam a2200181Ia 4500
005 20250923144305.0
008 008 250917s9999 xx 000 0 eng d
037 _aTextual
040 _aDSWL
_beng
_cDSWL
041 _aeng
_2eng
084 _aY:434:13:3CY:N3, H6
_qDSWL
100 _aRowntree, B.S.
_9823286
245 0 _aPoverty and progress
_cby B.S. Rowntree
260 _aLondon
_bLongmans
_c1946
300 _a540 p.
942 _cTEXL
_hY:434:13:3CY:N3, H6
999 _c1437057
_d1437057